<?xml version="1.0" encoding="UTF-8"?>
<record
    xmlns:xsi="http://www.w3.org/2001/XMLSchema-instance"
    xsi:schemaLocation="http://www.loc.gov/MARC21/slim http://www.loc.gov/standards/marcxml/schema/MARC21slim.xsd"
    xmlns="http://www.loc.gov/MARC21/slim">

  <leader>01116nam a22002777a 4500</leader>
  <controlfield tag="003">OSt</controlfield>
  <controlfield tag="005">20160505141125.0</controlfield>
  <controlfield tag="008">160505s2016    ua a|||f b||| 001 0 ara d</controlfield>
  <datafield tag="020" ind1=" " ind2=" ">
    <subfield code="a">9789773583422</subfield>
  </datafield>
  <datafield tag="040" ind1=" " ind2=" ">
    <subfield code="a">Ma-Un</subfield>
    <subfield code="b">ara</subfield>
    <subfield code="c">Dar Arab</subfield>
  </datafield>
  <datafield tag="082" ind1="0" ind2="4">
    <subfield code="2">21</subfield>
    <subfield code="a">023.2</subfield>
    <subfield code="b">&#x634; &#x62D; &#x623;</subfield>
  </datafield>
  <datafield tag="100" ind1="1" ind2=" ">
    <subfield code="a">&#x627;&#x644;&#x634;&#x64A;&#x645;&#x64A;&#x60C; &#x62D;&#x633;&#x646;&#x64A; &#x639;&#x628;&#x62F; &#x627;&#x644;&#x631;&#x62D;&#x645;&#x646;</subfield>
    <subfield code="9">53570</subfield>
  </datafield>
  <datafield tag="245" ind1="1" ind2="0">
    <subfield code="a">&#x623;&#x62E;&#x635;&#x627;&#x626;&#x64A; &#x645;&#x635;&#x627;&#x62F;&#x631; &#x627;&#x644;&#x62A;&#x639;&#x644;&#x645;&#x60C; &#x623;&#x648;&#x60C; &#x627;&#x644;&#x623;&#x645;&#x64A;&#x646; &#x648;&#x642;&#x64A;&#x627;&#x62F;&#x629; &#x627;&#x644;&#x62A;&#x63A;&#x64A;&#x64A;&#x631; &#x627;&#x644;&#x62A;&#x639;&#x644;&#x64A;&#x645;&#x64A; / </subfield>
    <subfield code="c">&#x62D;&#x633;&#x646;&#x64A; &#x639;&#x628;&#x62F; &#x627;&#x644;&#x631;&#x62D;&#x645;&#x646; &#x627;&#x644;&#x634;&#x64A;&#x645;&#x64A;.</subfield>
  </datafield>
  <datafield tag="250" ind1=" " ind2=" ">
    <subfield code="a">&#x637;. 1.</subfield>
  </datafield>
  <datafield tag="260" ind1=" " ind2=" ">
    <subfield code="a">&#x627;&#x644;&#x642;&#x627;&#x647;&#x631;&#x629; :</subfield>
    <subfield code="b">&#x62F;&#x627;&#x631; &#x627;&#x644;&#x641;&#x62C;&#x631; &#x644;&#x644;&#x646;&#x634;&#x631; &#x648;&#x627;&#x644;&#x62A;&#x648;&#x632;&#x64A;&#x639;&#x60C;</subfield>
    <subfield code="c">2016.</subfield>
  </datafield>
  <datafield tag="300" ind1=" " ind2=" ">
    <subfield code="a">273 &#x635;. &#x61B;</subfield>
    <subfield code="c">24 &#x633;&#x645;.</subfield>
  </datafield>
  <datafield tag="500" ind1=" " ind2=" ">
    <subfield code="a">&#x645;&#x644;&#x627;&#x62D;&#x642; : &#x635;. 223-273.</subfield>
  </datafield>
  <datafield tag="500" ind1=" " ind2=" ">
    <subfield code="a">&#x643;&#x634;&#x627;&#x641;&#x627;&#x62A; : &#x635;. 221-222.</subfield>
  </datafield>
  <datafield tag="504" ind1=" " ind2=" ">
    <subfield code="a">&#x628;&#x628;&#x64A;&#x644;&#x648;&#x62C;&#x631;&#x627;&#x641;&#x64A;&#x629; : &#x635;. 215-220.</subfield>
  </datafield>
  <datafield tag="504" ind1=" " ind2=" ">
    <subfield code="a">&#x64A;&#x634;&#x62A;&#x645;&#x644; &#x639;&#x644;&#x64A; &#x625;&#x631;&#x62C;&#x627;&#x639;&#x627;&#x62A; &#x628;&#x628;&#x644;&#x64A;&#x648;&#x62C;&#x631;&#x627;&#x641;&#x64A;&#x629;.</subfield>
  </datafield>
  <datafield tag="650" ind1=" " ind2="4">
    <subfield code="a">&#x627;&#x644;&#x645;&#x643;&#x62A;&#x628;&#x64A;&#x648;&#x646;</subfield>
    <subfield code="x">&#x62A;&#x62F;&#x631;&#x64A;&#x628;</subfield>
    <subfield code="9">54416</subfield>
  </datafield>
  <datafield tag="650" ind1=" " ind2="4">
    <subfield code="a">&#x645;&#x631;&#x627;&#x643;&#x632; &#x627;&#x644;&#x645;&#x648;&#x627;&#x62F; &#x627;&#x644;&#x62A;&#x639;&#x644;&#x64A;&#x645;&#x64A;&#x629;</subfield>
    <subfield code="x">&#x625;&#x62F;&#x627;&#x631;&#x629;</subfield>
    <subfield code="9">54417</subfield>
  </datafield>
  <datafield tag="942" ind1=" " ind2=" ">
    <subfield code="c">BOOK</subfield>
  </datafield>
  <datafield tag="700" ind1="2" ind2="1">
    <subfield code="t">&#x643;&#x62A;&#x627;&#x628; &#x627;&#x644;&#x625;&#x63A;&#x641;&#x627;&#x644;</subfield>
    <subfield code="9">54212</subfield>
  </datafield>
  <datafield tag="700" ind1="2" ind2="1">
    <subfield code="t">&#x645;&#x639;&#x627;&#x646;&#x64A; &#x627;&#x644;&#x642;&#x631;&#x622;&#x646; &#x648;&#x625;&#x639;&#x631;&#x627;&#x628;&#x647;.</subfield>
    <subfield code="9">54213</subfield>
  </datafield>
  <datafield tag="999" ind1=" " ind2=" ">
    <subfield code="c">39079</subfield>
    <subfield code="d">273579</subfield>
  </datafield>
  <datafield tag="952" ind1=" " ind2=" ">
    <subfield code="1">0</subfield>
    <subfield code="2">2016-05-05</subfield>
    <subfield code="4">0</subfield>
    <subfield code="7">1</subfield>
    <subfield code="a">023.2 &#x634; &#x62D; &#x623;</subfield>
    <subfield code="c">1</subfield>
    <subfield code="d">2016-05-05</subfield>
    <subfield code="h">CL</subfield>
    <subfield code="i">00222234</subfield>
    <subfield code="m">CL</subfield>
    <subfield code="r">2016-05-05 00:00:00</subfield>
    <subfield code="t">BOOK</subfield>
    <subfield code="w">ddc</subfield>
    <subfield code="y">0</subfield>
  </datafield>
  <datafield tag="952" ind1=" " ind2=" ">
    <subfield code="1">0</subfield>
    <subfield code="2">2016-05-05</subfield>
    <subfield code="4">0</subfield>
    <subfield code="7">0</subfield>
    <subfield code="a">023.2 &#x634; &#x62D; &#x623;</subfield>
    <subfield code="c">2</subfield>
    <subfield code="d">2016-05-05</subfield>
    <subfield code="h">CL</subfield>
    <subfield code="i">00222235</subfield>
    <subfield code="m">CL</subfield>
    <subfield code="r">2016-05-05 00:00:00</subfield>
    <subfield code="t">BOOK</subfield>
    <subfield code="w">ddc</subfield>
    <subfield code="y">0</subfield>
  </datafield>
  <datafield tag="952" ind1=" " ind2=" ">
    <subfield code="1">0</subfield>
    <subfield code="2">2016-05-05</subfield>
    <subfield code="4">0</subfield>
    <subfield code="7">0</subfield>
    <subfield code="a">023.2 &#x634; &#x62D; &#x623;</subfield>
    <subfield code="c">3</subfield>
    <subfield code="d">2016-05-05</subfield>
    <subfield code="h">CL</subfield>
    <subfield code="i">00222236</subfield>
    <subfield code="m">CL</subfield>
    <subfield code="r">2016-05-05 00:00:00</subfield>
    <subfield code="t">BOOK</subfield>
    <subfield code="w">ddc</subfield>
    <subfield code="y">0</subfield>
  </datafield>
  <datafield tag="952" ind1=" " ind2=" ">
    <subfield code="1">0</subfield>
    <subfield code="2">2016-05-05</subfield>
    <subfield code="4">0</subfield>
    <subfield code="7">1</subfield>
    <subfield code="a">023.2 &#x634; &#x62D; &#x623;</subfield>
    <subfield code="c">1</subfield>
    <subfield code="d">2016-05-05</subfield>
    <subfield code="h">EZF</subfield>
    <subfield code="i">00222237</subfield>
    <subfield code="m">EZF</subfield>
    <subfield code="r">2016-05-05 00:00:00</subfield>
    <subfield code="t">BOOK</subfield>
    <subfield code="w">ddc</subfield>
    <subfield code="y">0</subfield>
  </datafield>
  <datafield tag="952" ind1=" " ind2=" ">
    <subfield code="1">0</subfield>
    <subfield code="2">2016-05-05</subfield>
    <subfield code="4">0</subfield>
    <subfield code="7">0</subfield>
    <subfield code="a">023.2 &#x634; &#x62D; &#x623;</subfield>
    <subfield code="c">2</subfield>
    <subfield code="d">2016-05-05</subfield>
    <subfield code="h">EZF</subfield>
    <subfield code="i">00222238</subfield>
    <subfield code="m">EZF</subfield>
    <subfield code="r">2016-05-05 00:00:00</subfield>
    <subfield code="t">BOOK</subfield>
    <subfield code="w">ddc</subfield>
    <subfield code="y">0</subfield>
  </datafield>
  <datafield tag="952" ind1=" " ind2=" ">
    <subfield code="1">0</subfield>
    <subfield code="2">2016-05-05</subfield>
    <subfield code="4">0</subfield>
    <subfield code="7">1</subfield>
    <subfield code="a">023.2 &#x634; &#x62D; &#x623;</subfield>
    <subfield code="c">1</subfield>
    <subfield code="d">2016-05-05</subfield>
    <subfield code="h">EMF</subfield>
    <subfield code="i">00222239</subfield>
    <subfield code="m">EMF</subfield>
    <subfield code="r">2016-05-05 00:00:00</subfield>
    <subfield code="t">BOOK</subfield>
    <subfield code="w">ddc</subfield>
    <subfield code="y">0</subfield>
  </datafield>
  <datafield tag="952" ind1=" " ind2=" ">
    <subfield code="1">0</subfield>
    <subfield code="2">2016-05-05</subfield>
    <subfield code="4">0</subfield>
    <subfield code="7">0</subfield>
    <subfield code="a">023.2 &#x634; &#x62D; &#x623;</subfield>
    <subfield code="c">2</subfield>
    <subfield code="d">2016-05-05</subfield>
    <subfield code="h">EMF</subfield>
    <subfield code="i">00222240</subfield>
    <subfield code="m">EMF</subfield>
    <subfield code="r">2016-05-05 00:00:00</subfield>
    <subfield code="t">BOOK</subfield>
    <subfield code="w">ddc</subfield>
    <subfield code="y">0</subfield>
  </datafield>
</record>
